Informačný systém pre firmu : Diplomová práca

Guardado en:
Detalles Bibliográficos
Autor principal: Nevidzan, Ján (Autor)
Otros Autores: Makyš, Peter (xxx)
Formato: Manuscrito Libro
Lenguaje:eslovaco
Publicado: Trnava : STU v Bratislave MtF KAIA, 2001
Materias:
Etiquetas: Agregar Etiqueta
Sin Etiquetas, Sea el primero en etiquetar este registro!

MARC

LEADER 00000ntm a22000003a 4500
001 stu85553
005 20160719154817.4
008 040401s2001----xo------------------slo-d
040 |a STU  |b slo 
041 0 |a slo 
044 |a xo 
100 1 |a Nevidzan, Ján  |4 aut 
245 1 |a Informačný systém pre firmu :  |b Diplomová práca 
260 |a Trnava :  |b STU v Bratislave MtF KAIA,  |c 2001 
300 |a 65 s  |c príl 
650 7 |a aplikovaná informatika a automatizácia v priemysle  |2 stusub 
650 7 |a počítačom podporovaná príprava výroby  |2 stusub 
700 1 |a Makyš, Peter  |4 xxx  |u M180  |U MTF Materiálovotechnologická fakulta  |T MTF Katedra aplikovanej informatiky a automatizácie  |X 1000606875  |U M180  |Y 166  |7 1000606875 
996 |b 284M059245  |c M*DP-3898  |l MMSKP  |s P  |a 0  |w stu85553_0001